[Event "Maastricht Limburg op 14th"]
[Site "Maastricht"]
[Date "2022.06.04"]
[Round "2"]
[White "De Rover, Yong Hoon"]
[Black "Rebers, Eugene H"]
[Result "1/2-1/2"]
[WhiteElo "2359"]
[BlackElo "2194"]
[PlyCount "59"]
[EventDate "2022.06.03"]
[EventType "swiss"]
[EventRounds "7"]
[EventCountry "NED"]
[SourceTitle "CBM 208 Extra"]
[Source "ChessBase"]
[SourceDate "2022.07.31"]
[SourceVersion "1"]
[SourceVersionDate "2022.07.31"]
[SourceQuality "1"]

1. e4 c5 2. Nf3 g6 3. d4 cxd4 4. Nxd4 Bg7 5. Nc3 Nc6 6. Be3 Nf6 7. Bc4 0-0 8. Bb3 d5 9. exd5 Na5 10. h3 Nxb3 11. Nxb3 b6 12. Qd2 Bb7 13. 0-0-0 Qd7 14. Bd4 Rfd8 15. Kb1 Nxd5 16. Bxg7 Kxg7 17. Nxd5 Bxd5 18. Qe3 Qc7 19. Nd4 Rac8 20. f4 Qb7 21. Rhe1 Bxg2 22. h4 Qd5 23. f5 Kh8 24. h5 gxf5 25. Qxe7 Qd6 26. Qe2 Qd5 27. Qe7 Qd6 28. Qe2 Qd5 29. Qe7 Qd6 30. Qe2 1/2-1/2

[Event "Porto Mannu op 9th"]
[Site "Porto Mannu"]
[Date "2017.06.10"]
[Round "9"]
[White "Rebers, Eugene H"]
[Black "Sielicki, Tomasz"]
[Result "1-0"]
[WhiteElo "2166"]
[BlackElo "1967"]
[PlyCount "51"]
[EventDate "2017.06.03"]
[EventType "swiss"]
[EventRounds "9"]
[EventCountry "ITA"]
[SourceTitle "CBM 178 Extra"]
[Source "ChessBase"]
[SourceDate "2017.06.22"]
[SourceVersion "1"]
[SourceVersionDate "2017.06.22"]
[SourceQuality "1"]

1. Nf3 d6 2. g3 e5 3. d3 f5 4. Bg2 Nf6 5. 0-0 Be7 6. c4 0-0 7. Nc3 Na6 8. Rb1 Qe8 9. b4 Qh5 10. e3 Rb8 11. d4 e4 12. Nd2 Qxd1 13. Rxd1 c5 14. b5 Nc7 15. f3 cxd4 16. exd4 Ne6 17. Nb3 exf3 18. Bxf3 Nc7 19. Na5 Kf7 20. b6 axb6 21. Rxb6 d5 22. Bf4 Nfe8 23. Nxd5 Ra8 24. Nxb7 Ne6 25. Nxe7 Kxe7 26. Re1 1-0

[Event "Copenhagen Challenge"]
[Site "Ballerup"]
[Date "2017.05.14"]
[Round "8"]
[White "Bjerre, Jonas Buhl"]
[Black "Rebers, Eugene H"]
[Result "1-0"]
[WhiteElo "2338"]
[BlackElo "2200"]
[PlyCount "55"]
[EventDate "2017.05.10"]
[EventType "swiss"]
[EventRounds "9"]
[EventCountry "DEN"]
[SourceTitle "CBM 178 Extra"]
[Source "ChessBase"]
[SourceDate "2017.06.22"]
[SourceVersion "1"]
[SourceVersionDate "2017.06.22"]
[SourceQuality "1"]

1. e4 g6 2. d4 Bg7 3. Nc3 d6 4. Be3 a6 5. Qd2 b5 6. h4 Nf6 7. f3 h5 8. 0-0-0 c6 9. Kb1 Qc7 10. e5 Nd5 11. exd6 Nxc3+ 12. Qxc3 exd6 13. Qd2 Nd7 14. Bf4 Nf6 15. Re1+ Be6 16. Nh3 0-0 17. Ng5 Bf5 18. Ne4 Rfd8 19. Nxf6+ Bxf6 20. Bg5 Bxg5 21. hxg5 Re8 22. g4 hxg4 23. Bd3 d5 24. Bxf5 gxf5 25. Reg1 g3 26. Rh3 Re6 27. Rgh1 Rae8 28. g6 1-0

[Event "Copenhagen Challenge"]
[Site "Ballerup"]
[Date "2017.05.10"]
[Round "1"]
[White "Rebers, Eugene H"]
[Black "Kvaloy, Aksel Bu"]
[Result "1-0"]
[WhiteElo "2200"]
[BlackElo "1706"]
[PlyCount "125"]
[EventDate "2017.05.10"]
[EventType "swiss"]
[EventRounds "9"]
[EventCountry "DEN"]
[SourceTitle "CBM 178 Extra"]
[Source "ChessBase"]
[SourceDate "2017.06.22"]
[SourceVersion "1"]
[SourceVersionDate "2017.06.22"]
[SourceQuality "1"]

1. Nf3 Nf6 2. g3 g6 3. Bg2 d5 4. 0-0 Bg7 5. d3 0-0 6. Nbd2 c5 7. e4 Nc6 8. Re1 Re8 9. exd5 Nxd5 10. c3 Nb6 11. Ne4 c4 12. d4 e5 13. Nxe5 Nxe5 14. dxe5 Qxd1 15. Rxd1 Bxe5 16. Bg5 Kg7 17. Nd6 Bxd6 18. Rxd6 Na4 19. b3 Nc5 20. Bf6+ Kg8 21. b4 Nd3 22. Bd5 Be6 23. Bxb7 Rab8 24. Bc6 Rec8 25. Bd4 Rc7 26. Bg2 Re8 27. a4 Bc8 28. b5 Rce7 29. Bc6 Rf8 30. a5 Bb7 31. Bf6 Rc7 32. Bd8 Rc8 33. Bxb7 Rcxd8 34. Rxd8 Rxd8 35. Bc6 Kf8 36. f4 f5 37. Ra4 Nb2 38. Rb4 Rd1+ 39. Kg2 Rd2+ 40. Kf1 Nd3 41. Rxc4 Rf2+ 42. Kg1 Rb2 43. Rd4 Nc5 44. Rb4 Rxb4 45. cxb4 Ne6 46. b6 axb6 47. a6 Ke7 48. a7 Nc7 49. a8Q Nxa8 50. Bxa8 Kd6 51. b5 Kc5 52. Bc6 h6 53. Kf2 Kd4 54. Be8 g5 55. Kf3 g4+ 56. Ke2 Ke4 57. Bd7 h5 58. Bc8 h4 59. Bd7 hxg3 60. hxg3 Kd4 61. Bxf5 Kc4 62. Bd7 Kd5 63. Bxg4 1-0

[Event "Oslo op"]
[Site "Fornebu"]
[Date "2016.09.30"]
[Round "6"]
[White "Rebers, Eugene H"]
[Black "Larsen, Ulrik"]
[Result "1-0"]
[WhiteElo "2156"]
[BlackElo "1985"]
[PlyCount "79"]
[EventDate "2016.09.30"]
[EventType "swiss"]
[EventRounds "9"]
[EventCountry "NOR"]
[SourceTitle "EXT 2018"]
[Source "ChessBase"]
[SourceDate "2017.10.13"]
[SourceVersion "1"]
[SourceVersionDate "2017.10.13"]
[SourceQuality "1"]

1. Nf3 d5 2. g3 c5 3. Bg2 Nf6 4. 0-0 Nc6 5. d3 e6 6. Nbd2 Be7 7. e4 0-0 8. Re1 Qc7 9. exd5 exd5 10. d4 Bg4 11. dxc5 Bxc5 12. Nb3 Bb6 13. Be3 Rac8 14. c3 Rfe8 15. Qd3 Rcd8 16. Nbd4 Ne4 17. Nb5 Qd7 18. Bxb6 axb6 19. Nfd4 Ne5 20. Qe3 Bh3 21. Bxh3 Qxh3 22. f3 Nf6 23. Rad1 h5 24. Qf2 Qd7 25. Re2 Ng6 26. a4 h4 27. Nc2 Qh3 28. Qg2 Qd7 29. Red2 hxg3 30. hxg3 Ne5 31. Ne3 Qc6 32. Rd4 Ng6 33. Nf5 Ne5 34. Rh4 Qc5+ 35. Nbd4 g6 36. Qh1 Nxf3+ 37. Qxf3 gxf5 38. Qxf5 Rd6 39. Kg2 Qc4 40. Rdh1 1-0

[Event "Leiden op-A 10th"]
[Site "Leiden"]
[Date "2016.07.19"]
[Round "5"]
[White "Rebers, Eugene H"]
[Black "Sahil, Tickoo"]
[Result "0-1"]
[WhiteElo "2215"]
[BlackElo "2016"]
[PlyCount "114"]
[EventDate "2016.07.15"]
[EventType "swiss"]
[EventRounds "9"]
[EventCountry "NED"]
[SourceTitle "CBM 173 Extra"]
[Source "ChessBase"]
[SourceDate "2016.08.29"]
[SourceVersion "1"]
[SourceVersionDate "2016.08.29"]
[SourceQuality "1"]

1. d4 Nf6 2. c4 c5 3. d5 b5 4. cxb5 a6 5. f3 g6 6. e4 Bg7 7. Nc3 0-0 8. Nh3 e6 9. Nf2 Bb7 10. bxa6 Nxa6 11. Bc4 exd5 12. Nxd5 Nxd5 13. Bxd5 Bxd5 14. Qxd5 Qa5+ 15. Qd2 Qxd2+ 16. Kxd2 Rfb8 17. Nd1 Nb4 18. Nc3 Bxc3+ 19. Kxc3 Nxa2+ 20. Kc4 d6 21. Rb1 Ra4+ 22. Kd3 Rd4+ 23. Kc2 Nb4+ 24. Kc3 Na2+ 25. Kc2 Nb4+ 26. Kc3 d5 27. exd5 Nxd5+ 28. Kc2 Nb4+ 29. Kc3 Na2+ 30. Kc2 Rc4+ 31. Kd3 Rxc1 32. Rhxc1 Nxc1+ 33. Rxc1 Rxb2 34. g4 Rb5 35. h4 Kg7 36. g5 h6 37. f4 f6 38. Ke4 Rb4+ 39. Kf3 c4 40. Ra1 hxg5 41. hxg5 fxg5 42. fxg5 Rb7 43. Rc1 Rc7 44. Rc3 Kf7 45. Ke4 Ke6 46. Rc2 c3 47. Kd3 Kf5 48. Rf2+ Kxg5 49. Kc2 Rc6 50. Rg2+ Kf4 51. Rf2+ Kg3 52. Rf1 g5 53. Rg1+ Kf4 54. Rf1+ Kg4 55. Rg1+ Kf5 56. Rf1+ Kg6 57. Rg1 Rc5 0-1

[Event "Prague op-A 14th"]
[Site "Prague"]
[Date "2015.01.10"]
[Round "3"]
[White "Jirka, Jiri"]
[Black "Rebers, Eugene H"]
[Result "1-0"]
[WhiteElo "2429"]
[BlackElo "2241"]
[PlyCount "91"]
[EventDate "2015.01.09"]
[EventType "swiss"]
[EventRounds "9"]
[EventCountry "CZE"]
[SourceTitle "CBM 164 Extra"]
[Source "ChessBase"]
[SourceDate "2015.03.02"]
[SourceVersion "1"]
[SourceVersionDate "2015.03.02"]
[SourceQuality "1"]

1. d4 Nf6 2. c4 g6 3. g3 Bg7 4. Bg2 0-0 5. Nc3 d6 6. Nf3 Nc6 7. d5 Na5 8. b3 c5 9. Bb2 a6 10. Nd2 Rb8 11. 0-0 b5 12. Qc2 e5 13. Rae1 Bh6 14. Ncb1 bxc4 15. bxc4 Bd7 16. Bc3 Nh5 17. Na3 f5 18. Rb1 Nb7 19. Rb2 Qe7 20. Rfb1 Bc8 21. Qa4 e4 22. e3 g5 23. Nc2 Bg7 24. Bxg7 Qxg7 25. g4 Nf6 26. gxf5 Qe7 27. Ne1 Bxf5 28. Qxa6 Rf7 29. Qa7 Qc7 30. a4 Qc8 31. Qb6 Ra8 32. Ra1 Qd8 33. a5 Qxb6 34. Rxb6 Rxa5 35. Rxa5 Nxa5 36. Rxd6 Kg7 37. Ra6 Nb7 38. f3 exf3 39. Nexf3 Re7 40. Ra7 Bc8 41. Nxg5 Rxe3 42. Nge4 Nxe4 43. Nxe4 Kg6 44. Ra6+ Kh5 45. Kf2 Rd3 46. Bf3+ 1-0

[Event "Vlissingen HZ op 18th"]
[Site "Vlissingen"]
[Date "2014.08.09"]
[Round "9"]
[White "Piceu, Tom"]
[Black "Rebers, Eugene H"]
[Result "1-0"]
[WhiteElo "2330"]
[BlackElo "2240"]
[PlyCount "119"]
[EventDate "2014.08.02"]
[EventType "swiss"]
[EventRounds "9"]
[EventCountry "NED"]
[SourceTitle "CBM 161 Extra"]
[Source "ChessBase"]
[SourceDate "2014.08.29"]
[SourceVersion "1"]
[SourceVersionDate "2014.08.29"]
[SourceQuality "1"]

1. d4 f5 2. Nf3 Nf6 3. Bg5 e6 4. Nc3 d5 5. e3 Be7 6. Bd3 0-0 7. 0-0 Nbd7 8. Bf4 Ne4 9. Nb5 Nd6 10. Nxd6 cxd6 11. Bg3 b6 12. Nd2 Bb7 13. f3 g5 14. Qe2 e5 15. c4 f4 16. Bf2 exd4 17. exf4 Nc5 18. cxd5 Rxf4 19. Rfe1 Bxd5 20. Bxh7+ Kxh7 21. Qxe7+ Qxe7 22. Rxe7+ Kg6 23. g3 Rf7 24. Rxf7 Kxf7 25. Bxd4 Re8 26. Bxc5 dxc5 27. Kf2 Rh8 28. Rh1 Kg6 29. a3 b5 30. h4 gxh4 31. gxh4 Kh5 32. Re1 Rd8 33. Re5+ Kxh4 34. Nf1 Bc4 35. Rxc5 Rd1 36. Ng3 Rd2+ 37. Ke3 Rxb2 38. Kf4 Kh3 39. Nf5 Rb3 40. Ne3 Kh2 41. Nxc4 bxc4 42. Rxc4 Rb7 43. Ke5 Kg3 44. f4 Kg4 45. Ra4 Rf7 46. Ke6 Rxf4 47. Rxa7 Rf1 48. Rg7+ Kh5 49. Kd6 Ra1 50. Rg3 Kh4 51. Rd3 Kg5 52. Kc5 Kf6 53. Re3 Ra2 54. Kb5 Ra1 55. a4 Ra2 56. a5 Ra1 57. Re4 Rb1+ 58. Rb4 Ra1 59. a6 Ke6 60. Kb6 1-0

[Event "Vlissingen HZ op 18th"]
[Site "Vlissingen"]
[Date "2014.08.08"]
[Round "8"]
[White "Rebers, Eugene H"]
[Black "Van der Zalm, Marnix"]
[Result "1-0"]
[WhiteElo "2240"]
[BlackElo "2057"]
[PlyCount "75"]
[EventDate "2014.08.02"]
[EventType "swiss"]
[EventRounds "9"]
[EventCountry "NED"]
[SourceTitle "CBM 161 Extra"]
[Source "ChessBase"]
[SourceDate "2014.08.29"]
[SourceVersion "1"]
[SourceVersionDate "2014.08.29"]
[SourceQuality "1"]

1. c4 f5 2. Nc3 Nf6 3. g3 g6 4. Bg2 Bg7 5. d3 0-0 6. e3 e5 7. Nge2 d6 8. 0-0 c6 9. f4 Na6 10. b3 Kh8 11. h3 Qc7 12. Ba3 exf4 13. exf4 Bd7 14. Qd2 Rae8 15. Rfe1 Bc8 16. Kh2 Re7 17. Rad1 Rfe8 18. Ng1 h6 19. Nf3 Kh7 20. Rxe7 Rxe7 21. Re1 Rxe1 22. Nxe1 Qa5 23. Bxd6 Qxc3 24. Qxc3 Ng4+ 25. hxg4 Bxc3 26. Nf3 fxg4 27. Nh4 Bb4 28. Be5 Nc5 29. d4 Nd3 30. Be4 Nxe5 31. dxe5 Kg7 32. Bxg6 Bc3 33. Bf5 Bxf5 34. Nxf5+ Kg6 35. Nd6 b6 36. f5+ Kg7 37. e6 Bb4 38. e7 1-0

[Event "Vlissingen HZ op 18th"]
[Site "Vlissingen"]
[Date "2014.08.07"]
[Round "7"]
[White "Galle, Andre"]
[Black "Rebers, Eugene H"]
[Result "0-1"]
[WhiteElo "2003"]
[BlackElo "2240"]
[PlyCount "64"]
[EventDate "2014.08.02"]
[EventType "swiss"]
[EventRounds "9"]
[EventCountry "NED"]
[SourceTitle "CBM 161 Extra"]
[Source "ChessBase"]
[SourceDate "2014.08.29"]
[SourceVersion "1"]
[SourceVersionDate "2014.08.29"]
[SourceQuality "1"]

1. d4 f5 2. Nf3 Nf6 3. g3 g6 4. Bg2 Bg7 5. 0-0 0-0 6. c4 d6 7. Nc3 c6 8. d5 Bd7 9. Nd4 Qe8 10. Rb1 Na6 11. e4 fxe4 12. Nxe4 Nxe4 13. Bxe4 Nc7 14. Be3 c5 15. Ne2 b5 16. b3 a5 17. Nf4 Qc8 18. h4 Bf5 19. Qd3 b4 20. Rfe1 a4 21. h5 g5 22. Ne6 Bxe4 23. Qxe4 Nxe6 24. dxe6 Bf6 25. Qg4 Kh8 26. Bxg5 Bxg5 27. Qxg5 Rf6 28. Re3 axb3 29. axb3 Ra2 30. f4 Rxe6 31. Rbe1 Rxe3 32. Rxe3 Qh3 0-1

[Event "Leiden LCT op 2nd"]
[Site "Leiden"]
[Date "2008.07.18"]
[Round "7"]
[White "Rebers, Eugene H"]
[Black "Van der Wiel, John"]
[Result "0-1"]
[WhiteElo "2260"]
[BlackElo "2504"]
[PlyCount "30"]
[EventDate "2008.07.11"]
[EventType "swiss"]
[EventRounds "9"]
[EventCountry "NED"]
[SourceTitle "CBM 125 Extra"]
[Source "ChessBase"]
[SourceDate "2008.09.01"]
[SourceVersion "1"]
[SourceVersionDate "2008.09.01"]
[SourceQuality "1"]

1. Nf3 d5 2. c4 c6 3. b3 Bg4 4. Bb2 Nd7 5. g3 Bxf3 6. exf3 e6 7. f4 Ngf6 8. Bg2 dxc4 9. bxc4 Nc5 10. d4 Qb6 11. Ba3 Qa5+ 12. Ke2 0-0-0 13. Ke3 Na4 14. Qb3 Ng4+ 15. Kf3 Rxd4 0-1

[Event "Reykjavik op 23rd"]
[Site "Reykjavik"]
[Date "2008.03.09"]
[Round "7"]
[White "Rebers, Eugene H"]
[Black "Brynjarsson, Helgi"]
[Result "1-0"]
[WhiteElo "2297"]
[BlackElo "1914"]
[PlyCount "89"]
[EventDate "2008.03.03"]
[EventType "swiss"]
[EventRounds "9"]
[EventCountry "ISL"]
[SourceTitle "CBM 123 Extra"]
[Source "ChessBase"]
[SourceDate "2008.05.06"]
[SourceVersion "1"]
[SourceVersionDate "2008.05.06"]
[SourceQuality "1"]

1. Nf3 d5 2. c4 d4 3. b4 b6 4. e3 c5 5. bxc5 bxc5 6. exd4 cxd4 7. g3 e6 8. Bg2 Bb7 9. 0-0 Bc5 10. d3 Nc6 11. Nbd2 Nge7 12. Nb3 Bb6 13. Rb1 Rb8 14. Bf4 Rc8 15. Nfxd4 0-0 16. Nxc6 Bxc6 17. Bxc6 Nxc6 18. c5 Bc7 19. Bc1 Qd5 20. d4 Rfd8 21. Be3 a5 22. a4 Rb8 23. Qc2 Rb4 24. Rfd1 Rxa4 25. Nd2 Ra2 26. Qb3 Nxd4 27. Bxd4 e5 28. Qxd5 Rxd5 29. Be3 h6 30. Nc4 Rxd1+ 31. Rxd1 a4 32. Rd7 Rc2 33. Rxc7 Rxc4 34. Ra7 f5 35. f4 e4 36. Kf2 Rc2+ 37. Ke1 Rxh2 38. Rxa4 Rc2 39. Kd1 Rc3 40. Kd2 Rd3+ 41. Ke2 Rc3 42. Ra1 Kf7 43. Ra7+ Kf8 44. Bd4 Rxg3 45. c6 1-0

[Event "Leiden SB-ch"]
[Site "Leiden"]
[Date "2003.06.17"]
[Round "5"]
[White "Korving, Frank"]
[Black "Rebers, Eugene H"]
[Result "0-1"]
[WhiteElo "1707"]
[BlackElo "2327"]
[PlyCount "62"]
[EventDate "2003.05.20"]
[EventType "swiss"]
[EventRounds "7"]
[EventCountry "NED"]
[SourceTitle "CBM 095 Extra"]
[Source "ChessBase"]
[SourceDate "2003.09.04"]
[SourceVersion "1"]
[SourceVersionDate "2003.09.04"]
[SourceQuality "1"]

1. e4 Nc6 2. d4 d5 3. e5 Bf5 4. c3 Qd7 5. Bd3 0-0-0 6. Nf3 f6 7. Be3 g5 8. exf6 exf6 9. h4 g4 10. Bxf5 Qxf5 11. Nfd2 Bd6 12. g3 Re8 13. 0-0 Nge7 14. Na3 Ng6 15. Nb5 Bxg3 16. fxg3 Qd3 17. Nxa7+ Nxa7 18. Bf2 Re2 19. Qa4 Nxh4 20. Rae1 Nc6 21. gxh4 Qxd2 22. Rxe2 Qxe2 23. Re1 Qf3 24. Qa8+ Nb8 25. Qa4 Rd8 26. Re3 Qf4 27. c4 f5 28. cxd5 Qd6 29. Rc3 f4 30. b4 g3 31. Be1 Qxd5 0-1

[Event "Leiden SB-ch"]
[Site "Leiden"]
[Date "2003.05.27"]
[Round "2"]
[White "Rebers, Eugene H"]
[Black "Van Splunter, Arjen"]
[Result "1-0"]
[WhiteElo "2327"]
[BlackElo "1978"]
[PlyCount "29"]
[EventDate "2003.05.20"]
[EventType "swiss"]
[EventRounds "7"]
[EventCountry "NED"]
[SourceTitle "CBM 095 Extra"]
[Source "ChessBase"]
[SourceDate "2003.09.04"]
[SourceVersion "1"]
[SourceVersionDate "2003.09.04"]
[SourceQuality "1"]

1. d4 d5 2. Nf3 Bf5 3. c4 e6 4. Qb3 b6 5. Nc3 dxc4 6. Qxc4 Nf6 7. Bg5 Be7 8. Nh4 Bg4 9. h3 Bh5 10. g4 h6 11. Bxf6 Bxf6 12. Bg2 Nd7 13. Bxa8 Qxa8 14. Nf3 Bg6 15. Qxc7 1-0

[Event "Lost Boys op"]
[Site "Amsterdam"]
[Date "2002.07.31"]
[Round "6"]
[White "Geirnaert, Steven"]
[Black "Rebers, Eugene H"]
[Result "0-1"]
[WhiteElo "2160"]
[BlackElo "2351"]
[PlyCount "72"]
[EventDate "2002.07.26"]
[EventType "swiss"]
[EventRounds "9"]
[EventCountry "NED"]
[SourceTitle "CBM 089 Extra"]
[Source "ChessBase"]
[SourceDate "2002.09.10"]
[SourceVersion "2"]
[SourceVersionDate "2002.09.10"]
[SourceQuality "1"]

1. e4 d6 2. d4 Nf6 3. Nc3 e5 4. Nf3 Nbd7 5. h3 Be7 6. Be3 c6 7. a4 0-0 8. Bd3 b6 9. 0-0 a6 10. Ne2 Qc7 11. Ng3 Re8 12. b3 Bf8 13. Nh4 d5 14. dxe5 Nxe5 15. exd5 Nxd5 16. Bd4 Bb7 17. Nh5 Nxd3 18. Qxd3 c5 19. Bb2 Nf4 20. Qf5 Nxh5 21. Qxh5 Qf4 22. Rad1 Re6 23. Bc1 Qe4 24. Rd7 g6 25. Qg4 Qc6 26. Rd3 Re4 27. f4 Rae8 28. c4 Bg7 29. Nf3 Re2 30. Rd2 R2e3 31. Ne5 Qe4 32. Rd7 h5 33. Qf3 Rxf3 34. gxf3 Qe2 35. Rxb7 Rxe5 36. fxe5 Bxe5 0-1

[Event "Lost Boys op"]
[Site "Amsterdam"]
[Date "2002.07.30"]
[Round "5"]
[White "Rebers, Eugene H"]
[Black "Martinez Rodriguez, Pablo"]
[Result "1/2-1/2"]
[WhiteElo "2351"]
[BlackElo "2222"]
[PlyCount "104"]
[EventDate "2002.07.26"]
[EventType "swiss"]
[EventRounds "9"]
[EventCountry "NED"]
[SourceTitle "CBM 089 Extra"]
[Source "ChessBase"]
[SourceDate "2002.09.10"]
[SourceVersion "2"]
[SourceVersionDate "2002.09.10"]
[SourceQuality "1"]

1. Nf3 Nf6 2. c4 e6 3. g3 d5 4. b3 Be7 5. Bb2 0-0 6. Bg2 c5 7. 0-0 Nc6 8. e3 b6 9. Qe2 a5 10. Nc3 Ra7 11. Rfd1 Ba6 12. d3 Rd7 13. Nb5 Qb8 14. Ne1 Rfd8 15. f4 Bb7 16. Nf3 Qa8 17. Rd2 dxc4 18. bxc4 Ne8 19. Rb1 Bf6 20. Bxf6 gxf6 21. a3 Ne7 22. Nc3 Nc8 23. e4 Ned6 24. Na4 f5 25. Ne5 Rc7 26. exf5 Bxg2 27. Qg4+ Kf8 28. Qg5 Ne7 29. f6 Ng6 30. Nxg6+ fxg6 31. Rxg2 Nf5 32. Qg4 Qxg2+ 33. Kxg2 Ne3+ 34. Kf3 Nxg4 35. Kxg4 Rxd3 36. Rxb6 Rxa3 37. Rb8+ Kf7 38. Nb6 Kxf6 39. Ra8 Kg7 40. Ra6 h6 41. Na8 Re7 42. Nb6 h5+ 43. Kg5 Rc7 44. Na8 Rf7 45. Rxe6 Rf5+ 46. Kh4 Ra2 47. h3 Rc2 48. Nb6 Rf6 49. Re7+ Rf7 50. Re6 Rf6 51. Re7+ Rf7 52. Re6 Rf6 1/2-1/2

[Event "Leiden SB-ch"]
[Site "Leiden"]
[Date "2002.06.25"]
[Round "6"]
[White "Hopman, Pieter"]
[Black "Rebers, Eugene H"]
[Result "1-0"]
[WhiteElo "2213"]
[BlackElo "2325"]
[PlyCount "123"]
[EventDate "2002.05.21"]
[EventType "swiss"]
[EventRounds "7"]
[EventCountry "NED"]
[SourceTitle "EXT 2003"]
[Source "ChessBase"]
[SourceDate "2002.11.25"]
[SourceVersion "1"]
[SourceVersionDate "2002.11.25"]
[SourceQuality "1"]

1. e4 d6 2. d3 g6 3. f4 Bg7 4. Nf3 c5 5. Be2 Nc6 6. 0-0 e6 7. Kh1 Nge7 8. Qe1 0-0 9. Bd1 b6 10. Nc3 Qd7 11. Ne2 Bb7 12. c3 Rac8 13. Bc2 b5 14. Bd2 c4 15. dxc4 bxc4 16. Rd1 f5 17. Ng3 Nd8 18. Bc1 Nf7 19. Qe2 Rfe8 20. Rfe1 Kh8 21. Be3 fxe4 22. Nxe4 Bd5 23. Bd4 e5 24. fxe5 dxe5 25. Bc5 Qc6 26. Bxe7 Rxe7 27. Neg5 Nxg5 28. Nxg5 Rb8 29. Be4 Bxe4 30. Nxe4 Reb7 31. Rd2 Bh6 32. Rc2 Rf8 33. Ng3 Bf4 34. Qe4 Qxe4 35. Nxe4 Rfb8 36. g3 Bh6 37. Ree2 Rd7 38. Nf2 Rb5 39. Kg2 Bg5 40. Ng4 Rdd5 41. h4 Be7 42. Re4 Rd7 43. Nxe5 Rc7 44. Nxc4 g5 45. Rce2 gxh4 46. Rxe7 Rxc4 47. Rxa7 Rb8 48. Rae7 Rb6 49. Rf7 Rg4 50. Re8+ Rg8 51. Rxg8+ Kxg8 52. Rf2 Ra6 53. gxh4 Rxa2 54. Kf3 Kf7 55. Ke4+ Ke6 56. Kd4 Ra8 57. c4 Rd8+ 58. Kc3 Ke5 59. Rf7 h5 60. Rh7 Ke4 61. Rxh5 Rd3+ 62. Kb4 1-0

[Event "Budapest FS10 IM-B"]
[Site "Budapest"]
[Date "2001.10.13"]
[Round "8"]
[White "Rebers, Eugene H"]
[Black "Kahn, Evarth"]
[Result "1-0"]
[WhiteElo "2315"]
[BlackElo "2284"]
[PlyCount "55"]
[EventDate "2001.10.06"]
[EventType "tourn"]
[EventRounds "9"]
[EventCountry "HUN"]
[EventCategory "3"]
[SourceTitle "CBM 084 Extra"]
[Source "ChessBase"]
[SourceDate "2001.10.26"]
[SourceVersion "1"]
[SourceVersionDate "2001.10.26"]
[SourceQuality "1"]

1. e4 c5 2. Nf3 d6 3. g3 Nf6 4. d3 Bg4 5. Bg2 Qc8 6. h3 Bd7 7. e5 dxe5 8. Nxe5 Be6 9. Nc3 Nfd7 10. Nc4 Bxc4 11. dxc4 e6 12. Nb5 a6 13. Nd6+ Bxd6 14. Qxd6 Nc6 15. Bf4 Nd4 16. 0-0-0 Qb8 17. Qxd7+ Kxd7 18. Bxb8 Raxb8 19. c3 e5 20. cxd4 cxd4 21. f4 f6 22. fxe5 fxe5 23. Rhf1 b5 24. c5 Ke6 25. Be4 Rhf8 26. Kd2 g6 27. Rxf8 Rxf8 28. Ke2 1-0

[Event "Budapest FS10 IM-B"]
[Site "Budapest"]
[Date "2001.10.12"]
[Round "7"]
[White "Eperjesi, Laszlo"]
[Black "Rebers, Eugene H"]
[Result "1/2-1/2"]
[WhiteElo "2294"]
[BlackElo "2315"]
[PlyCount "93"]
[EventDate "2001.10.06"]
[EventType "tourn"]
[EventRounds "9"]
[EventCountry "HUN"]
[EventCategory "3"]
[SourceTitle "CBM 084 Extra"]
[Source "ChessBase"]
[SourceDate "2001.10.26"]
[SourceVersion "1"]
[SourceVersionDate "2001.10.26"]
[SourceQuality "1"]

1. d4 d6 2. Nf3 g6 3. c4 Bg7 4. Nc3 Nd7 5. e4 e5 6. Be2 Ne7 7. h4 exd4 8. Nxd4 Ne5 9. h5 f5 10. hxg6 hxg6 11. Rxh8+ Bxh8 12. Bg5 Nf7 13. Bxe7 Qxe7 14. exf5 Bxf5 15. Nd5 Qd7 16. Nxf5 gxf5 17. Qb3 c6 18. Ne3 f4 19. Nc2 0-0-0 20. 0-0-0 Rg8 21. Ne1 Qf5 22. Bd3 Qc5 23. Qc2 Kb8 24. Bh7 Rd8 25. Nf3 Ne5 26. Nxe5 Bxe5 27. Kb1 Rh8 28. a3 a5 29. Be4 Ka7 30. Ka2 Bd4 31. Rd2 Re8 32. Bf3 Re1 33. g3 fxg3 34. fxg3 Re3 35. Rd3 Qf5 36. Be2 Rxg3 37. Qd2 Rxd3 38. Bxd3 Qc5 39. b4 axb4 40. axb4 Qe5 41. Kb3 Qg3 42. b5 Kb6 43. bxc6 bxc6 44. Qe2 Be5 45. Qe4 Kc7 46. Kc2 Qh2+ 47. Qe2 1/2-1/2